Catalog

Record Details

Catalog Search



Mistress  Cover Image Book Book

Mistress / Amanda Quick.

Quick, Amanda. (Author).

Record details

  • ISBN: 0553093525
  • Physical Description: 342 pages ; 24 cm.
  • Publisher: New York : Bantam Books, c1994.
Subject: Man-woman relationships > England > Fiction.
Mistresses > England > Fiction.
Genre: Historical fiction.

Available copies

  • 1 of 1 copy available at scottsboropl.

Holds

  • 0 current holds with 1 total copy.
Show Only Available Copies
Location Call Number / Copy Notes Barcode Shelving Location Status Due Date
scottsboropl F Qui 32269000395965 Adult - Fiction Available -

LDR 00771cam a2200253 a 4500
001116678
003CONS
00520140703092815.0
008940110s1994 nyu 000 1 eng
010 . ‡a 94001244
020 . ‡a0553093525
035 . ‡a(CPomAG)LMN310936
043 . ‡ae-uk-en
05000. ‡aPS3561.R44 ‡bM57 1994
08200. ‡a813/.54 ‡220
1001 . ‡aQuick, Amanda.
24510. ‡aMistress / ‡cAmanda Quick.
260 . ‡aNew York : ‡bBantam Books, ‡cc1994.
300 . ‡a342 pages ; ‡c24 cm.
650 0. ‡aMan-woman relationships ‡zEngland ‡vFiction.
650 0. ‡aMistresses ‡zEngland ‡vFiction.
655 7. ‡aHistorical fiction. ‡2gsafd
959 . ‡i32269000395965 ‡lF Qui ‡aAdult - Fiction ‡tFiction ‡g19.95
852 . ‡p32269000395965 ‡jF Qui ‡gAdult - Fiction ‡cFiction ‡y19.95 ‡bSBPL
901 . ‡a116678 ‡bUnknown ‡c116678 ‡tbiblio

Additional Resources